|
|
|
|
| LEADER |
00000nab a2200000ua 4500 |
| 001 |
vtls010828480 |
| 003 |
SK-MaSNL |
| 005 |
20260303140800.0 |
| 008 |
230222s1970 xo |||||||||||||||||eng| |
| 035 |
|
|
|a (urnnbn)urn:nbn:sk:snk:ar-a06emp
|
| 035 |
|
|
|a urn:nbn:sk:snk-ab5u27
|
| 035 |
|
|
|a (uuid)eb7de51a-afcf-4b66-9344-90812af77b76
|
| 040 |
|
|
|a SNKBUCL
|b slo
|c SNKBUCL
|e AACR2
|
| 041 |
0 |
|
|a eng
|
| 044 |
|
|
|a xo
|c SK
|
| 100 |
1 |
|
|a Kellen, J.
|4 aut
|9 1120177
|
| 245 |
1 |
0 |
|a Alkaline Phosphatases in Normal and Malignant Tissues
|c J. Kellen
|
| 773 |
0 |
|
|t Neoplasma : journal of experimental and clinical oncology
|g Roč. 17, č. 1 (1970), s. 65-68
|
| 958 |
|
|
|a OND
|
| 958 |
|
|
|a EUIPO
|
| 958 |
|
|
|a article5
|
| 999 |
|
|
|c 1973313
|d 1975243
|